Schaun's Outlines: Programming with C (Record no. 9237)
[ view plain ]
| 000 -LEADER | |
|---|---|
| fixed length control field | 00395nam a22001457a 4500 |
| 008 - FIXED-LENGTH DATA ELEMENTS--GENERAL INFORMATION | |
| fixed length control field | 230124b |||||||| |||| 00| 0 eng d |
| 020 ## - INTERNATIONAL STANDARD BOOK NUMBER | |
| International Standard Book Number | 978-0-07-014590-0 |
| 082 ## - DEWEY DECIMAL CLASSIFICATION NUMBER | |
| Classification number | 005.13 GOT |
| 100 ## - MAIN ENTRY--PERSONAL NAME | |
| Personal name | Gottfried, Byron |
| 245 ## - TITLE STATEMENT | |
| Title | Schaun's Outlines: Programming with C |
| Statement of responsibility, etc. | Byron Gottfried |
| 250 ## - EDITION STATEMENT | |
| Edition statement | 3rd Edition |
| 260 ## - PUBLICATION, DISTRIBUTION, ETC. | |
| Place of publication, distribution, etc. | New Delhi : |
| Name of publisher, distributor, etc. | Tata McGraw-Hill |
| Date of publication, distribution, etc. | 2010 |
| 300 ## - PHYSICAL DESCRIPTION | |
| Dimensions | 24.3 cm |
| 942 ## - Added entry Elements (Koha) | |
| Source of classification or shelving scheme | Dewey Decimal Classification |
| Withdrawn status | Lost status | Source of classification or shelving scheme | Damaged status | Not for loan | Collection code | Home library | Current library | Shelving location | Date acquired | Serial Enumeration / chronology | Full call number | Barcode | Date last seen | Price effective from | Koha item type |
|---|---|---|---|---|---|---|---|---|---|---|---|---|---|---|---|
| Dewey Decimal Classification | CE Textbook | RTC Library | RTC Library | CE Textbook | 24/01/2023 | 17580 | 005.13 GOT c.1 | 30017787 | 24/01/2023 | 24/01/2023 | CE Textbook | ||||
| Dewey Decimal Classification | CE Textbook | RTC Library | RTC Library | CE Textbook | 24/01/2023 | 17581 | 005.13 GOT c.2 | 30017807 | 24/01/2023 | 24/01/2023 | CE Textbook | ||||
| Dewey Decimal Classification | CE Textbook | RTC Library | RTC Library | CE Textbook | 24/01/2023 | 17582 | 005.13 GOT c.3 | 30017827 | 24/01/2023 | 24/01/2023 | CE Textbook |